000 00450pab a2200169 454500
008 180718b2009 xxu||||| |||| 00| 0 eng d
100 _aJaising, Indira
245 _aBringing rights home: review of the campaign for a law on domestic violence
260 _c2009
300 _ap.50-57.
362 _a31Oct
650 _aWomens studies
650 _aDomestic violence
773 _aEconomic and Political Weekly
908 _aN
909 _a84374
999 _c84374
_d84374